LDR 00650naa#a2200169#i#450# 001 EN\\bibl\120289 005 20260417034415.5 011 ## _a1819-4036 100 ## _a20210331b2021####ek#y0engy0150####ca 102 ## _aRU 200 1# _aUSE OF PLANT RAW MATERIALS IN PASTRY PRODUCTION _eJournal article 210 1# _aKrasnoyarsk _cKrasnoyarsk State Agrarian University _d2021 215 ## _a5 с. 608 ## _aJournal article _2local 675 ## _aПищевая промышленность в целом. Производство и консервирование пищевых продуктов. 664 _z 700 #1 _aSnegireva _gNatal'ya Vladimirovna 856 4# _avestnik.kgau.ru _u